Harper's illustrated biochemistry / (Record no. 27269)
[ view plain ]
| 000 -LEADER | |
|---|---|
| fixed length control field | 00929cam a22003015a 4500 |
| 001 - CONTROL NUMBER | |
| control field | ssib031609255 |
| 003 - CONTROL NUMBER IDENTIFIER | |
| control field | EG-ScBUE |
| 005 - DATE AND TIME OF LATEST TRANSACTION | |
| control field | 20190321093124.0 |
| 008 - FIXED-LENGTH DATA ELEMENTS--GENERAL INFORMATION | |
| fixed length control field | 171121s2018 nyua frb 001 0 eng d |
| 020 ## - INTERNATIONAL STANDARD BOOK NUMBER | |
| International Standard Book Number | 9781260288421 |
| 020 ## - INTERNATIONAL STANDARD BOOK NUMBER | |
| International Standard Book Number | 1260288420 |
| 020 ## - INTERNATIONAL STANDARD BOOK NUMBER | |
| International Standard Book Number | 9781259837937 |
| 020 ## - INTERNATIONAL STANDARD BOOK NUMBER | |
| International Standard Book Number | 1259837939 |
| 040 ## - CATALOGING SOURCE | |
| Original cataloging agency | BIP US |
| Language of cataloging | eng |
| Modifying agency | WaSeSS |
| Transcribing agency | EG-ScBUE |
| 082 04 - DEWEY DECIMAL CLASSIFICATION NUMBER | |
| Classification number | 612.015 |
| Item number | HAR |
| Edition number | 22 |
| 245 10 - TITLE STATEMENT | |
| Title | Harper's illustrated biochemistry / |
| Statement of responsibility, etc | Victor W. Rodwell... [et al.]. |
| 250 ## - EDITION STATEMENT | |
| Edition statement | 31th ST ed., International ed. |
| 260 ## - PUBLICATION, DISTRIBUTION, ETC. (IMPRINT) | |
| Place of publication, distribution, etc | New York : |
| Name of publisher, distributor, etc | McGraw-Hill Education, |
| Date of publication, distribution, etc | 2018. |
| 300 ## - PHYSICAL DESCRIPTION | |
| Extent | x, 789 p. : |
| Other physical details | ill. (col.) ; |
| Dimensions | 28 cm. |
| 490 0# - Series Statement | |
| Series statement | Lange medical book ; |
| International Standard Serial Number | 10439811 |
| 504 ## - BIBLIOGRAPHY, ETC. NOTE | |
| Bibliography, etc | Includes bibliographical references and index. |
| 650 #7 - SUBJECT ADDED ENTRY--TOPICAL TERM | |
| Topical term or geographic name as entry element | Biochemistry. |
| Source of heading or term | BUEsh |
| 650 #7 - SUBJECT ADDED ENTRY--TOPICAL TERM | |
| Topical term or geographic name as entry element | Clinical biochemistry. |
| Source of heading or term | BUEsh |
| 9 (RLIN) | 36628 |
| 651 ## - SUBJECT ADDED ENTRY--GEOGRAPHIC NAME | |
| Source of heading or term | BUEsh |
| 653 ## - INDEX TERM--UNCONTROLLED | |
| Resource For college | Pharmacy |
| Arrived date list | March2019 |
| 700 1# - ADDED ENTRY--PERSONAL NAME | |
| Personal name | Rodwell, Victor W. |
| 942 ## - ADDED ENTRY ELEMENTS (KOHA) | |
| Source of classification or shelving scheme | Dewey Decimal Classification |
| Withdrawn status | Item status | Source of classification or shelving scheme | Damaged status | Not for loan | Vendor | Home library | Current library | Shelving location | Date acquired | Source of acquisition | Cost, normal purchase price | Total Checkouts | Full call number | Barcode | Date last seen | Cost, replacement price | Koha item type |
|---|---|---|---|---|---|---|---|---|---|---|---|---|---|---|---|---|---|
| Dewey Decimal Classification | Baccah | Central Library | Central Library | First floor | 20/03/2019 | Purchase | 450.00 | 612.015 HAR | 000044454 | 15/07/2025 | 562.50 | NB - Book (Non borrowing) | |||||
| Dewey Decimal Classification | Baccah | Central Library | Central Library | First floor | 20/03/2019 | Purchase | 450.00 | 612.015 HAR | 000044455 | 15/07/2025 | 562.50 | NB - Book (Non borrowing) | |||||
| Dewey Decimal Classification | Baccah | Central Library | Central Library | First floor | 20/03/2019 | Purchase | 612.015 HAR | 000044456 | 15/07/2025 | Book - Borrowing | |||||||
| Dewey Decimal Classification | Baccah | Central Library | Central Library | First floor | 20/03/2019 | Purchase | 612.015 HAR | 000044457 | 15/07/2025 | Book - Borrowing | |||||||
| Dewey Decimal Classification | Baccah | Central Library | Central Library | First floor | 20/03/2019 | Purchase | 612.015 HAR | 000044458 | 15/07/2025 | Book - Borrowing |